000 00699nam a22002177a 4500
003 OSt
005 20260310053018.0
008 260310b |||||||| |||| 00| 0 eng d
020 _a9812471553.
040 _aDWCL Main lib
_cOC
082 _2Tenth edition
_aCirc. 658.8 K87p 2004
100 _aKotler, Philip
245 _aPrinciples of marketing
_cPhilip Kotler
250 _aTenth edition
260 _aSingapore :
_bPearson Education South Asia,
_cc2004.
300 _axxix, 661 pages :
_billustraions ;
_c28 cm.
504 _aIncludes bibliographical references, glossary and index.
650 _a1. Marketing.
700 _aGary Armstrong
942 _2ddc
_cBK-CIRC
_eTenth edition
_kCirc.
_n0
999 _c8856
_d8856